000 00723nam a2200253Ia 4500
003 OSt
005 20221006150945.0
006 a|||||r|||| 00| 0
007 ta
008 221006b |||||||| |||| 00| 0 jpn d
024 _a20,351
037 _bGift, Japan Foundation
_cTextual
040 _aEASL
_cEASL
_bjpn
041 _2jpn
_ajpn
082 _aX:3M24xMI8.42.N7, L3.2
100 _aHAYASHI Takahisa Ed.
_9658020
245 0 _aNihon no marukusu keizaigaku
260 _aTokyo
_bAoki Shoten Japan
_c1973
300 _ap.
_ccm.
490 _v JL
650 _aJL
942 _hX:3M24xMI8.42.N7, L3.2
_cTEXL
_2CC
999 _c1088437
_d1088437